Impact of internet usage on academic achievement, self regulated learning and mental health of secondary school students (Record no. 308816)

MARC details
000 -LEADER
fixed length control field 00604nam a22001937a 4500
005 - DATE & TIME
control field 20231211105427.0
008 - FIXED-LENGTH DATA ELEMENTS--GENERAL INFORMATION
fixed length control field 231028b |||||||| |||| 00| 0 eng d
040 ## - CATALOGING SOURCE
Original cataloging agency VIVEKANANDA LIBRARY
082 ## - DDC NUMBER
Classification number 373
Book Number V51I
100 ## - MAIN ENTRY--PERSONAL NAME
Personal name Ved Pal
245 ## - TITLE STATEMENT
Title Impact of internet usage on academic achievement, self regulated learning and mental health of secondary school students
260 ## - PUBLICATION, DISTRIBUTION, ETC. (IMPRINT)
Name of publisher, distributor, etc Department of Education, M D University, Rohtak
Date of publication, distribution, etc 2023
300 ## - PHYSICAL DESCRIPTION
Pages 205
650 ## - Subject
Subject Education
650 ## - Subject
Subject Impact of Internet
650 ## - Subject
Subject Mental Health-Secondary School Students
700 ## - Added Entry Personal Name
Added Entry Personal Name Hooda, Madhuri
942 ## - ADDED ENTRY ELEMENTS (KOHA)
Koha item type Thesis
Holdings
Withdrawn status Lost status Source of classification or shelving scheme Damaged status Not for loan Location (home branch) Sublocation or collection (holding branch) Date acquired Koha issues (times borrowed) Koha full call number Accession No. Koha date last seen Copy number Koha item type
    Dewey Decimal Classification     VIVEKANANDA LIBRARY VIVEKANANDA LIBRARY 28/10/2023   373 V51I 410232 28/10/2023 R Thesis
© Designed and Maintained by Vivekananda Library, MDU Rohtak